000 00230nam a22000857a 4500
008 160705b xxu||||| |||| 00| 0 eng d
100 _92278
_a Oxford University
245 _aMini Dictionary of Biology
260 _aDelhi
_b Oxford
_c1985
999 _c1960
_d1960